| 000 | 00430nam a2200145Ia 4500 | ||
|---|---|---|---|
| 008 | 230917s9999||||xx |||||||||||||| ||und|| | ||
| 040 |
_e42376 _aMAIN |
||
| 041 | _aEnglish | ||
| 082 | _a942.81 M786P | ||
| 100 | _aMoore, Robert | ||
| 245 | 0 | _aPit- men, Preachers and politics: the effects of methodism in a Durham mining community | |
| 260 |
_aCambridge _bCambridge University Press _c1974 |
||
| 300 | _ax, 292 p. | ||
| 942 | _cBK | ||
| 999 |
_c198237 _d198237 |
||